Normal view
MARC view
- علم النفس الارشادي-الارشاد النفسي-علم نفس الافراد
Entry Topical Term
001 - CONTROL NUMBER
- control field: 44448
003 - CONTROL NUMBER IDENTIFIER
- control field: JO-AjAnu
005 - DATE AND TIME OF LATEST TRANSACTION
- control field: 20230606081347.0
008 - FIXED-LENGTH DATA ELEMENTS
- fixed length control field: 230606|| aca||aabn | a|a d
040 ## - CATALOGING SOURCE
- Original cataloging agency: JO-AjAnu
- Transcribing agency: JO-AjAnu
150 ## - HEADING--TOPICAL TERM
- Topical term or geographic name entry element: علم النفس الارشادي-الارشاد النفسي-علم نفس الافراد
670 ## - SOURCE DATA FOUND
- Source citation: Work cat.: (JO-AjAnu)22761: العاسمي، رياض نايل, author 44447, المبادئ العامة لعلم النفس الإرشادي